00385nam a22001457a 4500003000400000005001700004008004100021020001800062040000900080082001800089100001900107245006000126260004400186300000900230OSt20201222095017.0201222b ||||| |||| 00| 0 eng d a9788171569557 coclc a820.03bBHA/E aBhatnagar, M K aEncyclopaedia Of Literature In English /cM K Bhatnagar aNew Delhi:bAtlantic Publishers,c2001. a306p